ბათუმის შოთა რუსთაველის სახელმწიფო უნივერსიტეტის ბიბლიოთეკა

ურჟუმელი ყმაწვილი (ბიბ.ჩანაწერი № 48727)

000 -LEADER
fixed length control field 00914nam a2200229Ia 4500
001 - CONTROL NUMBER
control field 15627
003 - CONTROL NUMBER IDENTIFIER
control field GE_BSU
008 - FIXED-LENGTH DATA ELEMENTS--GENERAL INFORMATION
fixed length control field 181216s||||||||xx |||||||||||||| ||und||
040 ## - CATALOGING SOURCE
Transcribing agency GE_BSU
080 ## - UNIVERSAL DECIMAL CLASSIFICATION NUMBER
Universal Decimal Classification number 82-93:821.161.1-3
100 ## - MAIN ENTRY--PERSONAL NAME
Personal name გოლუბევა, ა.
245 ## - TITLE STATEMENT
Title ურჟუმელი ყმაწვილი
245 ## - TITLE STATEMENT
Remainder of title მოთხრობა ს.მ. კიროვის ბავშვობასა და სიჭაბუკეზე.
245 ## - TITLE STATEMENT
Statement of responsibility, etc. მთარგმნ.:როდიონ ქორქია. რედ. ვ. კიკნაძე. მხატვ. შ. ბერიტაშვილი
260 ## - PUBLICATION, DISTRIBUTION, ETC.
Place of publication, distribution, etc. თბილისი
260 ## - PUBLICATION, DISTRIBUTION, ETC.
Name of publisher, distributor, etc. საბლიტგამი
260 ## - PUBLICATION, DISTRIBUTION, ETC.
Date of publication, distribution, etc. 1948
300 ## - PHYSICAL DESCRIPTION
Extent 256გვ. : სურ. ; 21სმ.
653 ## - INDEX TERM--UNCONTROLLED
Uncontrolled term მოთხრობა
653 ## - INDEX TERM--UNCONTROLLED
Uncontrolled term ურჟუმელი ყმაწვილი
942 ## - ADDED ENTRY ELEMENTS (KOHA)
Koha item type წიგნი
ეგზემპლარები
Withdrawn status Lost status Damaged status Not for loan Date acquired Barcode Date last seen Price effective from Koha item type
        2018-12-17 21174 2018-12-17 2018-12-17 წიგნი
        2018-12-17 21180 2018-12-17 2018-12-17 წიგნი